Loading...
Who's Who in International affairs 1998 /
| Format: | Printed Book |
|---|---|
| Published: |
London:
Europa publications,
1997.
|
| Edition: | 2nd ed. |
| Subjects: |
| LEADER | 00432cam a2200133ua 4500 | ||
|---|---|---|---|
| 082 | |a 327.109 2 |b WHO | ||
| 245 | 0 | 0 | |a Who's Who in International affairs 1998 / |
| 250 | |a 2nd ed. | ||
| 260 | |a London: |b Europa publications, |c 1997. | ||
| 300 | |a xvi, 543p.. | ||
| 650 | 0 | |a International affairs | |
| 942 | |c REF | ||
| 999 | |c 8129 |d 8129 | ||
| 952 | |0 0 |1 0 |4 0 |6 327_109000000000000_2_WH |7 0 |9 8500 |a KUCL |b KUCL |d 2014-05-23 |l 0 |o 327.109 2 WH |p 01390 |r 2017-03-10 |y REF | ||